Finish the Famous Literature Quote II Quiz Stats

 Plays Quiz Updated Feb 26, 2018

Challenge
Share
Tweet
Embed
Score 0/28 Timer 06:00
5 Plays Today
% Correct
Good
93.8%
Fool
93.6%
Once
93.5%
Deserve
93.3%
Life
93.2%
Way
93%
Next
92.9%
Followed
92.3%
Garden
92.2%
Nothing
91.7%
Interesting
89.9%
Shared
89.7%
Boy
88.5%
Change
88.1%
% Correct
Over
87.9%
Morning
87%
Start
86.9%
Lake
86.4%
Adventure
86.2%
You
85.8%
Time
84.4%
Trees
84.4%
Cruel
82.5%
Beaches
82.4%
Stars
79.2%
Words
75.2%
Papers
74.2%
Alone
74.1%

You're not logged in!

Compare scores with friends on all Sporcle quizzes.
OR
Log In

You Might Also Like...

Show Comments

Extras

Top Quizzes Today


Score Distribution

Your Account Isn't Verified!

In order to create a playlist on Sporcle, you need to verify the email address you used during registration. Go to your Sporcle Settings to finish the process.

Report this User

Report this user for behavior that violates our Community Guidelines.

Details: